One Piece-Différences entre la série live action et l'anime - Statistiques

Statistiques générales
  • Ce quiz a été pris 191 fois
  • Le résultat moyen est 5 sur 15
Statistiques - réponses
Hint Réponse % Correct
Qui est le principal antagoniste de l'épisode Baratie? Arlong
80%
Pourquoi Mihawk croise la route de Luffy et de son équipage? Parce que Garp lui a demandé
58%
Quel membre important de l'équipage de Kuro est absent de la bataille du manoir de Kaya dans le live action ? Jango
57%
Que devient Merry après l'affrontement contre Kuro? Il meurt
50%
Sous le commandement de quel officier de la Marine Koby officie-t-il au début de sa carrière? Morgan
49%
Quelle partie du corps de Baggy place-t-il sur le chapeau de Luffy? Son oreille
38%
Qu'apprend-t-on de Luffy à propos de Garp? Il est son grand-père
37%
A quel sabre de Zoro Luffy donne-t-il un faux nom pendant que Zoro est dans le coma? Le Wado Ichimonji
29%
Dans quoi Zoro est-il jeté par Buchi pendant l'épisode Kuro? Dans un puits
28%
Dans quel endroit Luffy fait-il la connaissance de Zoro? Dans un bar
15%
Avec quoi Zeff et Sanji recouvrent les plaies de Zoro pour les faire cicatriser? Avec du poisson
13%
Ou se place l'escargophone de poche utilisé par Nami? Dans l'oreille
9%
Où "travaille" Usopp quand Luffy le rencontre ? Au chantier naval
8%
Que ne fait jamais le maître du dojo où Zoro s'est entraîné enfant? Sourire
6%
Que possède Arlong, qui le fait s'autoproclamer "propriétaire d'East Blue"? La plus grande prime d'East Blue
3%
Aucun quiz correspondant
Distribution des résultats
% des personnes avec chaque résultat
Percentile par nombre de réponses
Votre historique - résultats
Vous n’avez pas pris ce quiz